| 000 | 00614nam a2200241 i 4500 | ||
|---|---|---|---|
| 003 | DO-SdBNP | ||
| 005 | 20260209083651.0 | ||
| 007 | ta | ||
| 008 | 260209b1997 dr ||||| |||| 00| 0 spa d | ||
| 040 |
_aDO-SdBNP _bspa _cBNPHU _erda |
||
| 041 | _aspa | ||
| 082 | 4 |
_axxx _bC397e _222 |
|
| 100 | _988971 | ||
| 245 | 0 | 0 | _aEstatutos generales |
| 264 | 1 |
_aSanto Domingo : _bCEDAF, _c1997 |
|
| 300 |
_a17 páginas ; _c21 cm. |
||
| 336 |
_atexto _btxt _2rdacontent |
||
| 337 |
_asin mediación _bn _2rdamedia |
||
| 338 |
_avolumen _bnc _2rdacarrier |
||
| 590 | _aInventariado, 2026/DG | ||
| 910 | _aDG | ||
| 942 |
_2ddc _cLF2 |
||
| 999 |
_c60253 _d60253 |
||